| 000 | 00408nam a2200145Ia 4500 | ||
|---|---|---|---|
| 008 | 231129s2017||||xx |||||||||||||| ||spa|| | ||
| 020 | _a978-958-48-0913-1 | ||
| 040 | _bspa | ||
| 082 | _aCo863 Z35s | ||
| 100 | _aZapata Zuleta Nestor Jairo | ||
| 245 | 0 | _aSoñé que la vida era un sueño | |
| 260 | _c2017 | ||
| 264 | _aPereira Colombia : Pinalgraf | ||
| 942 |
_2ddc _cBKS |
||
| 999 |
_c24830 _d24830 |
||